000 00437nam a2200181Ia 4500
005 20250603145715.0
008 250603s9999 xx 000 0 und d
020 _a9789350146033
050 _aTK 7871.85 .M87/
100 _aMurlidhara, C. S.
245 0 _aSemiconductor devices and circuits
260 _aNew Delh
260 _bS. K. Kataria & sons
260 _c2015
300 _a423 p
650 _aNew Delh
942 _cBK
999 _c42621
_d42621